[Event "Chania Theodorakis Memorial 1st"]
[Site "Chania"]
[Date "2022.04.29"]
[Round "7"]
[White "Bogdanov, Egor"]
[Black "Petrakis, Stylianos"]
[Result "1-0"]
[WhiteElo "2426"]
[BlackElo "2036"]
[PlyCount "77"]
[EventDate "2022.04.25"]
[EventType "swiss"]
[EventRounds "9"]
[EventCountry "GRE"]
[SourceTitle "CBM 208 Extra"]
[Source "ChessBase"]
[SourceDate "2022.07.31"]
[SourceVersion "1"]
[SourceVersionDate "2022.07.31"]
[SourceQuality "1"]

1. e4 c5 2. c3 d5 3. exd5 Qxd5 4. d4 Nf6 5. Nf3 Bg4 6. Be2 e6 7. 0-0 Nc6 8. Be3 cxd4 9. cxd4 Bd6 10. h3 Bh5 11. Nc3 Qa5 12. Qb3 Qb4 13. Qxb4 Nxb4 14. g4 Bg6 15. Bb5+ Ke7 16. Bg5 a6 17. Be2 h6 18. Bxf6+ gxf6 19. a3 Nd3 20. Bxd3 Bxd3 21. Rfe1 f5 22. Rad1 Bc2 23. Rd2 fxg4 24. hxg4 Bb3 25. d5 Rag8 26. Re4 f5 27. Rxe6+ Kd7 28. g5 Bf4 29. Rd4 hxg5 30. Rb6 Bc2 31. Rxb7+ Kc8 32. Rf7 g4 33. Ne1 Bh2+ 34. Kg2 Bb3 35. Rxf5 Bd6 36. Ne4 Rh2+ 37. Kg1 g3 38. Nxd6+ Kd7 39. fxg3 1-0

[Event "Paleochora op 12th"]
[Site "Paleochora"]
[Date "2019.07.17"]
[Round "6"]
[White "Petrakis, Stylianos"]
[Black "Lindh, Fredrik"]
[Result "0-1"]
[WhiteElo "2002"]
[BlackElo "2286"]
[PlyCount "119"]
[EventDate "2019.07.13"]
[EventType "swiss"]
[EventRounds "9"]
[EventCountry "GRE"]
[SourceTitle "EXT 2020"]
[Source "ChessBase"]
[SourceDate "2019.10.17"]
[SourceVersion "1"]
[SourceVersionDate "2019.10.17"]
[SourceQuality "1"]

1. e4 c5 2. Nf3 Nc6 3. d4 cxd4 4. Nxd4 Nf6 5. Nc3 e5 6. Ndb5 d6 7. Bg5 a6 8. Na3 b5 9. Bxf6 gxf6 10. Nd5 Bg7 11. Bd3 Ne7 12. Nxe7 Qxe7 13. 0-0 0-0 14. c4 f5 15. Qf3 d5 16. cxd5 fxe4 17. Bxe4 Rb8 18. Rfd1 Rb6 19. Qb3 Rd6 20. Rac1 Bd7 21. g3 f5 22. Bg2 e4 23. Nb1 f4 24. Nd2 f3 25. Bh1 Bh6 26. Rc3 e3 27. fxe3 f2+ 28. Kf1 a5 29. a4 b4 30. Rd3 Bh3+ 31. Bg2 Bg4 32. Rc1 Bf5 33. Nc4 Bxd3+ 34. Qxd3 Rdd8 35. Rc2 Qf7 36. Ne5 Qh5 37. Nc6 Qxh2 38. Ne7+ Kh8 39. Rxf2 Qxg3 40. Nf5 Qg5 41. Qd4+ Bg7 42. Qxg7+ Qxg7 43. Nxg7 Kxg7 44. Rxf8 Rxf8+ 45. Ke2 Kf6 46. b3 Ke5 47. Bh3 Kxd5 48. Kd3 Rf2 49. Bg4 Rb2 50. Bf3+ Kc5 51. Bd1 h5 52. Bxh5 Rxb3+ 53. Kd2 Rb2+ 54. Kd3 Rh2 55. Bf7 Rh7 56. Be8 Kd5 57. Bb5 Rc7 58. Kd2 b3 59. Bd3 b2 60. Bc2 0-1

[Event "EU-Cup 34th"]
[Site "Porto Carras"]
[Date "2018.10.18"]
[Round "7.2"]
[White "Petrakis, Stylianos"]
[Black "Jaksland, Tim"]
[Result "0-1"]
[WhiteElo "2000"]
[BlackElo "2214"]
[PlyCount "52"]
[EventDate "2018.10.12"]
[EventType "team-swiss"]
[EventRounds "7"]
[EventCountry "GRE"]
[SourceTitle "CBM 187"]
[Source "ChessBase"]
[SourceDate "2018.12.11"]
[SourceVersion "1"]
[SourceVersionDate "2018.12.11"]
[SourceQuality "1"]
[WhiteTeam "Chania Kaissa"]
[BlackTeam "Hillerod"]
[WhiteTeamCountry "GRE"]
[BlackTeamCountry "DEN"]

1. e4 c5 2. Nf3 e6 3. d4 cxd4 4. Nxd4 Nc6 5. Nc3 Qc7 6. Be3 a6 7. Qd2 Nf6 8. 0-0-0 Bb4 9. f3 Ne7 10. Qe1 Bxc3 11. Qxc3 Qxc3 12. bxc3 d5 13. e5 Nd7 14. f4 0-0 15. c4 b6 16. Nb3 Bb7 17. a4 Rfc8 18. a5 Nf5 19. Bxb6 Nxb6 20. axb6 Ne3 21. Na5 Rab8 22. cxd5 Rxc2+ 23. Kb1 Bxd5 24. Nc4 Bxc4 25. Bxc4 Rxc4 26. Rd6 Rb4+ 0-1

[Event "Paleochora op 11th"]
[Site "Paleochora"]
[Date "2018.07.22"]
[Round "6"]
[White "Petrakis, Stylianos"]
[Black "Maisuradze, Nino"]
[Result "1/2-1/2"]
[WhiteElo "2024"]
[BlackElo "2264"]
[PlyCount "71"]
[EventDate "2018.07.18"]
[EventType "swiss"]
[EventRounds "9"]
[EventCountry "GRE"]
[SourceTitle "CBM 186 Extra"]
[Source "ChessBase"]
[SourceDate "2018.08.24"]
[SourceVersion "1"]
[SourceVersionDate "2018.08.24"]
[SourceQuality "1"]

1. e4 c5 2. Nf3 Nc6 3. d4 cxd4 4. Nxd4 e5 5. Nb5 d6 6. N1c3 a6 7. Na3 b5 8. Nd5 Nge7 9. c4 Nd4 10. Bd3 Nxd5 11. cxd5 Be7 12. 0-0 0-0 13. Nc2 Nxc2 14. Bxc2 a5 15. Be3 Bg5 16. Qe2 Bxe3 17. Qxe3 Bd7 18. Bd3 Qb8 19. f4 exf4 20. Qxf4 Qb6+ 21. Kh1 Rae8 22. Rf3 Re5 23. Raf1 f6 24. Rg3 Kh8 25. Qh4 Qd4 26. Qf4 Qxb2 27. Qe3 Be8 28. Qa7 Bg6 29. Qxa5 Rh5 30. h3 Qe5 31. Rff3 Bxe4 32. Bxe4 Qxe4 33. Qc7 Rg8 34. Rxg7 Rxg7 35. Qd8+ Rg8 36. Qxf6+ 1/2-1/2

[Event "GRE-chT 46th"]
[Site "Rio Achaia"]
[Date "2018.07.11"]
[Round "2.8"]
[White "Alexiadis, Hristos"]
[Black "Petrakis, Stylianos"]
[Result "1-0"]
[WhiteElo "2244"]
[BlackElo "2024"]
[PlyCount "81"]
[EventDate "2018.07.10"]
[EventType "team"]
[EventRounds "7"]
[EventCountry "GRE"]
[SourceTitle "CBM 185 Extra"]
[Source "ChessBase"]
[SourceDate "2018.07.29"]
[SourceVersion "1"]
[SourceVersionDate "2018.07.29"]
[SourceQuality "1"]
[WhiteTeam "Heraklion Attica"]
[BlackTeam "Chania Kaissa"]
[WhiteTeamCountry "GRE"]
[BlackTeamCountry "GRE"]

1. d4 Nf6 2. Nf3 g6 3. Bg5 Bg7 4. Nbd2 d6 5. c3 0-0 6. e4 Nbd7 7. Be2 c5 8. 0-0 b6 9. Re1 Bb7 10. Bf1 h6 11. Bh4 g5 12. Bg3 Nh5 13. a4 Nxg3 14. hxg3 Qc7 15. Bd3 e6 16. Qe2 Rae8 17. Rac1 f6 18. Bb1 Re7 19. Qd3 Rd8 20. d5 e5 21. c4 h5 22. Nf1 Bc8 23. Ne3 Nf8 24. Bc2 Bh8 25. a5 Rh7 26. Ra1 Ng6 27. Nf5 h4 28. axb6 axb6 29. Nh2 hxg3 30. fxg3 Bxf5 31. exf5 Nf8 32. Ng4 Nd7 33. Ba4 Nb8 34. Bb5 Qf7 35. Qe4 Bg7 36. Kf2 Rc8 37. Ra8 Qb7 38. Rea1 Bh8 39. Qe1 Nd7 40. R8a7 Qb8 41. Bxd7 1-0

[Event "GRE-ch U20"]
[Site "Chania"]
[Date "2018.04.15"]
[Round "8"]
[White "Petrakis, Stylianos"]
[Black "Alexakis, Dimitris"]
[Result "1-0"]
[WhiteElo "1908"]
[BlackElo "2282"]
[PlyCount "81"]
[EventDate "2018.04.10"]
[EventType "swiss"]
[EventRounds "9"]
[EventCountry "GRE"]
[SourceTitle "CBM 184 Extra"]
[Source "ChessBase"]
[SourceDate "2018.06.28"]
[SourceVersion "1"]
[SourceVersionDate "2018.06.28"]
[SourceQuality "1"]
[WhiteTeam "Greece"]
[BlackTeam "Greece"]
[WhiteTeamCountry "GRE"]
[BlackTeamCountry "GRE"]

1. e4 c5 2. Nf3 Nc6 3. d4 cxd4 4. Nxd4 Nf6 5. Nc3 d6 6. Bg5 e6 7. Qd2 a6 8. 0-0-0 Qb6 9. Nb3 Bd7 10. Bf4 0-0-0 11. f3 Ne5 12. Be3 Qc7 13. Qf2 Be7 14. Bb6 Qb8 15. f4 Nc6 16. Be2 Rdg8 17. Nd2 g5 18. g3 gxf4 19. gxf4 Rg7 20. Bf3 Ne8 21. Kb1 Rf8 22. Nc4 f5 23. e5 d5 24. Nxd5 exd5 25. Bxd5 Nc7 26. Bxc6 bxc6 27. Ba7 Qb5 28. Nb6+ Kb7 29. Nxd7 Rfg8 30. a4 Qa5 31. Bb6 Qb4 32. Rd4 Rg2 33. Rxb4 Rxf2 34. Rb3 Kc8 35. Bxf2 Kxd7 36. Rd1+ Ke6 37. Rb6 Kf7 38. Rxc6 Ne6 39. Rd7 Rg2 40. Bh4 Rg1+ 41. Ka2 1-0

[Event "EU-ch U16 27th"]
[Site "Mamaia"]
[Date "2017.09.12"]
[Round "7"]
[White "Petrakis, Stylianos"]
[Black "Galiana Fernandez, Adrian"]
[Result "1-0"]
[WhiteElo "1829"]
[BlackElo "2205"]
[PlyCount "71"]
[EventDate "2017.09.05"]
[EventType "swiss"]
[EventRounds "9"]
[EventCountry "ROU"]
[SourceTitle "EXT 2018"]
[Source "ChessBase"]
[SourceDate "2017.10.13"]
[SourceVersion "1"]
[SourceVersionDate "2017.10.13"]
[SourceQuality "1"]

1. e4 c5 2. Nf3 e6 3. d4 cxd4 4. Nxd4 Nf6 5. Nc3 d6 6. Be3 Be7 7. f3 Nc6 8. Qd2 a6 9. 0-0-0 0-0 10. g4 Nd7 11. h4 Nde5 12. Qf2 Bd7 13. g5 b5 14. Nxc6 Bxc6 15. Rg1 b4 16. Ne2 Qa5 17. Kb1 d5 18. Nd4 Rfc8 19. Nb3 Qc7 20. f4 Nc4 21. Bd4 a5 22. f5 e5 23. Bc5 a4 24. Nc1 Nxb2 25. Rd2 Bxc5 26. Qxc5 Ra5 27. Qf2 Nc4 28. Bxc4 dxc4 29. h5 Bxe4 30. g6 b3 31. gxh7+ Kxh7 32. Qg3 bxc2+ 33. Ka1 Rg8 34. a3 Qb6 35. Qg6+ Kh8 36. Qxb6 1-0

[Event "GRE-chT 45th"]
[Site "Achaia"]
[Date "2017.07.06"]
[Round "5.7"]
[White "Spyropoulos, Nikolaos"]
[Black "Petrakis, Stylianos"]
[Result "1-0"]
[WhiteElo "2160"]
[BlackElo "1977"]
[PlyCount "161"]
[EventDate "2017.07.03"]
[EventType "team-swiss"]
[EventRounds "7"]
[EventCountry "GRE"]
[SourceTitle "CBM 179 Extra"]
[Source "ChessBase"]
[SourceDate "2017.08.23"]
[SourceVersion "1"]
[SourceVersionDate "2017.08.23"]
[SourceQuality "1"]
[WhiteTeam "Three Stars 89"]
[BlackTeam "Chania Kaissa"]
[WhiteTeamCountry "GRE"]
[BlackTeamCountry "GRE"]

1. d4 Nf6 2. c4 g6 3. Nc3 Bg7 4. e4 d6 5. h3 0-0 6. Be3 e5 7. d5 a5 8. Bd3 Qe8 9. g4 Na6 10. Nge2 Nd7 11. Ng3 Ndc5 12. Be2 Bd7 13. Qd2 b6 14. 0-0 Qe7 15. Kg2 h5 16. Bg5 f6 17. Be3 h4 18. Nh1 Kh7 19. f3 f5 20. Kh2 f4 21. Bg1 g5 22. Nf2 Rfb8 23. Rfb1 Rb7 24. b3 Bf6 25. Nfd1 Be8 26. Bf2 Rba7 27. Be1 Nb4 28. a3 Nba6 29. b4 Nb7 30. Ra2 Nb8 31. Rba1 Qd8 32. Nf2 Na6 33. Nd3 Be7 34. Bf2 Rc8 35. Qb2 Raa8 36. Nb1 Nb8 37. Nd2 Nd7 38. Nb3 Rcb8 39. Qc2 Bg6 40. Be1 Qf8 41. Nf2 Ra7 42. Nd1 Qd8 43. Nc3 Raa8 44. Nb5 Be8 45. Bc3 Nf6 46. bxa5 Bxb5 47. cxb5 Nxa5 48. Nxa5 bxa5 49. a4 Ra7 50. Rc1 Nd7 51. Be1 Nb6 52. Qb3 Qd7 53. Rac2 Bd8 54. Bd1 Kg7 55. Rc6 Kf8 56. Qa3 Kf7 57. Bb3 Kg7 58. Bc3 Bf6 59. Qb2 Kf8 60. Qd2 Rba8 61. Qc2 Bd8 62. Bb2 Qe7 63. Ba3 Kg7 64. Qf2 Rb8 65. Bb2 Kh7 66. Bc3 Kg8 67. Qd2 Rba8 68. Qb2 Rb7 69. Bxe5 Qxe5 70. Qxe5 dxe5 71. d6+ Kg7 72. dxc7 Be7 73. Re6 Ba3 74. Rcc6 Rc8 75. Rg6+ Kh7 76. Rh6+ Kg7 77. Rcg6+ Kf8 78. Rh8+ Ke7 79. Rh7+ Ke8 80. Bf7+ Kf8 81. Be6 1-0

[Event "GRE-chT 45th"]
[Site "Achaia"]
[Date "2017.07.04"]
[Round "2.1"]
[White "Petrakis, Stylianos"]
[Black "Androutsopoulos Agiotatos, Vasilios"]
[Result "1/2-1/2"]
[WhiteElo "1977"]
[BlackElo "2067"]
[PlyCount "70"]
[EventDate "2017.07.03"]
[EventType "team-swiss"]
[EventRounds "7"]
[EventCountry "GRE"]
[SourceTitle "CBM 179 Extra"]
[Source "ChessBase"]
[SourceDate "2017.08.23"]
[SourceVersion "1"]
[SourceVersionDate "2017.08.23"]
[SourceQuality "1"]
[WhiteTeam "Chania Kaissa"]
[BlackTeam "Nice Fysiolatris"]
[WhiteTeamCountry "GRE"]
[BlackTeamCountry "GRE"]

1. e4 c5 2. Nf3 d6 3. d4 cxd4 4. Nxd4 Nf6 5. Nc3 a6 6. Bg5 Nbd7 7. Bc4 Qb6 8. Bb3 e6 9. Qd2 Be7 10. 0-0-0 Nc5 11. Rhe1 0-0 12. f4 h6 13. h4 Qc7 14. Qe2 b5 15. e5 dxe5 16. fxe5 hxg5 17. exf6 Bxf6 18. hxg5 Qf4+ 19. Kb1 Bxd4 20. g3 Qxg5 21. Rxd4 Bb7 22. Qh2 Nxb3 23. axb3 Rfd8 24. Rh4 Kf8 25. Rh5 Qf6 26. g4 Rac8 27. g5 Qf5 28. Qh4 g6 29. Rh8+ Ke7 30. Rh7 Rd2 31. Qb4+ Rd6 32. Rd1 Qc5 33. Qxc5 Rxc5 34. Rxd6 Kxd6 35. Rxf7 Bc6 1/2-1/2

[Event "GRE-chT 45th"]
[Site "Achaia"]
[Date "2017.07.04"]
[Round "3.12"]
[White "Triantafilidis, Mihail"]
[Black "Petrakis, Stylianos"]
[Result "1/2-1/2"]
[WhiteElo "1906"]
[BlackElo "1977"]
[PlyCount "99"]
[EventDate "2017.07.03"]
[EventType "team-swiss"]
[EventRounds "7"]
[EventCountry "GRE"]
[SourceTitle "CBM 179 Extra"]
[Source "ChessBase"]
[SourceDate "2017.08.23"]
[SourceVersion "1"]
[SourceVersionDate "2017.08.23"]
[SourceQuality "1"]
[WhiteTeam "Orekastro Marion Thunder"]
[BlackTeam "Chania Kaissa"]
[WhiteTeamCountry "GRE"]
[BlackTeamCountry "GRE"]

1. e4 e6 2. d4 d5 3. Nd2 c5 4. Ngf3 Nc6 5. exd5 exd5 6. dxc5 Bxc5 7. Nb3 Bd6 8. c3 Nge7 9. Bd3 0-0 10. 0-0 Ng6 11. Bg5 Nce7 12. Nbd4 f6 13. Be3 Ne5 14. Bc2 Rf7 15. h3 Bd7 16. Nh4 g6 17. Nhf3 Nc4 18. Bc1 Qc7 19. Re1 Ne5 20. Bb3 Bc6 21. Ne6 Nxf3+ 22. Qxf3 Qd7 23. Nf4 Bc7 24. Ne6 Be5 25. Nc5 Qc7 26. Nd3 Rd8 27. Bf4 Bb5 28. Nxe5 fxe5 29. Rxe5 Rdf8 30. Rxe7 Qxe7 31. Bxd5 g5 32. Qg3 h6 33. h4 Kh7 34. Bxf7 Qxf7 35. Be3 gxh4 36. Qxh4 Qg6 37. Re1 Bc6 38. g3 Re8 39. g4 Re4 40. f3 Re6 41. g5 Qf7 42. Qf2 Qf5 43. Bd2 Bxf3 44. Rxe6 Qg4+ 45. Kf1 Qh3+ 46. Ke1 Qh1+ 47. Qf1 Qh4+ 48. Qf2 Qh1+ 49. Qf1 Qh4+ 50. Qf2 1/2-1/2

[Event "GRE-ch U16"]
[Site "Achaia"]
[Date "2017.07.02"]
[Round "9"]
[White "Petrakis, Stylianos"]
[Black "Gkikas, Ioannis"]
[Result "1-0"]
[WhiteElo "1977"]
[BlackElo "1546"]
[PlyCount "51"]
[EventDate "2017.06.26"]
[EventType "swiss"]
[EventRounds "9"]
[EventCountry "GRE"]
[SourceTitle "CBM 179 Extra"]
[Source "ChessBase"]
[SourceDate "2017.08.23"]
[SourceVersion "1"]
[SourceVersionDate "2017.08.23"]
[SourceQuality "1"]

1. e4 c5 2. Nf3 e6 3. d4 cxd4 4. Nxd4 a6 5. Nc3 Qc7 6. Be2 Nf6 7. 0-0 Be7 8. Be3 b5 9. a3 Bb7 10. Bd3 0-0 11. f4 d6 12. Kh1 Nbd7 13. Qe1 Nc5 14. Bg1 Nxd3 15. cxd3 e5 16. Nf5 Bc8 17. Rc1 Qd8 18. fxe5 dxe5 19. Nxe7+ Qxe7 20. d4 exd4 21. Bxd4 Ng4 22. Nd5 Qd6 23. Qh4 Re8 24. Rxc8 Raxc8 25. Qxg4 Qg6 26. Ne7+ 1-0

[Event "GRE-ch U20"]
[Site "Chania"]
[Date "2017.01.06"]
[Round "7"]
[White "Triantos, Konstantinos"]
[Black "Petrakis, Stylianos"]
[Result "0-1"]
[WhiteElo "1949"]
[BlackElo "1827"]
[PlyCount "94"]
[EventDate "2017.01.02"]
[EventType "swiss"]
[EventRounds "9"]
[EventCountry "GRE"]
[SourceTitle "EXT 2024"]
[Source "ChessBase"]
[SourceDate "2023.10.10"]
[SourceVersion "1"]
[SourceVersionDate "2023.10.10"]
[SourceQuality "1"]

1. e4 e6 2. d4 d5 3. Nd2 Nf6 4. e5 Nfd7 5. Bd3 c5 6. c3 Nc6 7. Ne2 cxd4 8. cxd4 f6 9. exf6 Nxf6 10. Nf3 Bd6 11. 0-0 0-0 12. Bf4 Ne4 13. g3 Bxf4 14. Nxf4 Qf6 15. Bxe4 dxe4 16. Ne5 Nxe5 17. dxe5 Qxe5 18. Qb3 g5 19. Ng2 b6 20. Rad1 Bb7 21. Ne3 h5 22. Rd2 Ba6 23. Rfd1 Bd3 24. Nc2 Rac8 25. Ne1 Bc4 26. Qe3 Bd5 27. Qe2 g4 28. Ng2 Rc7 29. Nf4 Rxf4 30. gxf4 Qxf4 31. Qe3 Qxe3 32. fxe3 Rf7 33. b3 Rc7 34. Rf1 Rc3 35. Kf2 Kg7 36. Rg1 Kf6 37. h3 Kg5 38. Re2 Rc7 39. hxg4 hxg4 40. Rg2 Rf7+ 41. Ke1 Rf3 42. Kd2 g3 43. Kc3 e5 44. b4 b5 45. Kd2 Bc4 46. Re1 Rf2+ 47. Re2 Rxe2+ 0-1

[Event "GRE-ch U20"]
[Site "Chania"]
[Date "2017.01.05"]
[Round "5"]
[White "Loukopoulos, Panagiotis Athanasi"]
[Black "Petrakis, Stylianos"]
[Result "0-1"]
[WhiteElo "1805"]
[BlackElo "1827"]
[PlyCount "62"]
[EventDate "2017.01.02"]
[EventType "swiss"]
[EventRounds "9"]
[EventCountry "GRE"]
[SourceTitle "EXT 2024"]
[Source "ChessBase"]
[SourceDate "2023.10.10"]
[SourceVersion "1"]
[SourceVersionDate "2023.10.10"]
[SourceQuality "1"]

1. e4 e6 2. d4 d5 3. e5 c5 4. c3 Nc6 5. Nf3 Bd7 6. Na3 Nge7 7. Nc2 Ng6 8. h4 cxd4 9. cxd4 Qb6 10. h5 Nge7 11. Bd3 Nf5 12. 0-0 a5 13. Rb1 Nb4 14. Bxf5 exf5 15. e6 Bxe6 16. Re1 f6 17. a3 Nxc2 18. Qxc2 Kf7 19. Nh4 g6 20. Qd3 Rc8 21. g4 Rg8 22. gxf5 gxh5+ 23. Kh1 Bd7 24. Rg1 Rxg1+ 25. Kxg1 Bd6 26. Qf3 Rg8+ 27. Kh1 Rg4 28. Ng2 Qxd4 29. Be3 Qe5 30. Bf4 Qxf5 31. Ne3 Qxb1+ 0-1

[Event "GRE-ch U20"]
[Site "Chania"]
[Date "2017.01.03"]
[Round "2"]
[White "Petrakis, Stylianos"]
[Black "Kouskoutis, Georgios Alexandros"]
[Result "0-1"]
[WhiteElo "1827"]
[BlackElo "2276"]
[PlyCount "56"]
[EventDate "2017.01.02"]
[EventType "swiss"]
[EventRounds "9"]
[EventCountry "GRE"]
[SourceTitle "EXT 2024"]
[Source "ChessBase"]
[SourceDate "2023.10.10"]
[SourceVersion "1"]
[SourceVersionDate "2023.10.10"]
[SourceQuality "1"]

1. e4 c5 2. Nf3 d6 3. c3 Nf6 4. Be2 g6 5. 0-0 Bg7 6. Bb5+ Nc6 7. Re1 0-0 8. h3 e5 9. d4 cxd4 10. cxd4 Nxd4 11. Nxd4 exd4 12. Qxd4 a6 13. Bf1 Re8 14. Nc3 Nxe4 15. Qb4 Nxc3 16. Rxe8+ Qxe8 17. bxc3 Qc6 18. Bb2 d5 19. Be2 Be6 20. a4 Rc8 21. Rc1 Bf8 22. Qh4 Qb6 23. Ba1 d4 24. c4 Bg7 25. Qg3 Qb4 26. Qd3 Bf5 27. Qd1 d3 28. Bf3 d2 0-1

[Event "Heraklion Gazi op 12th"]
[Site "Malevizi"]
[Date "2016.08.05"]
[Round "9"]
[White "Petrakis, Stylianos"]
[Black "Stefanatos, Nikolaos"]
[Result "1/2-1/2"]
[WhiteElo "2041"]
[BlackElo "1877"]
[PlyCount "83"]
[EventDate "2016.07.28"]
[EventType "swiss"]
[EventRounds "9"]
[EventCountry "GRE"]
[SourceTitle "CBM 173 Extra"]
[Source "ChessBase"]
[SourceDate "2016.08.29"]
[SourceVersion "1"]
[SourceVersionDate "2016.08.29"]
[SourceQuality "1"]

1. e4 e5 2. Nf3 Nc6 3. d4 exd4 4. Nxd4 Bb4+ 5. c3 Bc5 6. Be3 Bb6 7. Bc4 Nf6 8. 0-0 0-0 9. Bg5 Re8 10. Nxc6 bxc6 11. Qf3 Bb7 12. Na3 h6 13. Bh4 g5 14. Bg3 d5 15. exd5 cxd5 16. Rad1 c6 17. Bd3 Ne4 18. Rfe1 Qe7 19. Bxe4 dxe4 20. Qh5 e3 21. fxe3 Rad8 22. Rxd8 Bxe3+ 23. Rxe3 Qxd8 24. Rxe8+ Qxe8 25. Qf3 Qe6 26. c4 g4 27. Qd3 Qf6 28. Qe2 c5 29. Qe5 Qc6 30. Qe2 h5 31. Nb5 Qg6 32. Nd6 Bc6 33. Qd1 Qf6 34. b3 Qb2 35. Qf1 Qd4+ 36. Kh1 f6 37. Nf5 Qe4 38. Nd6 Qc2 39. Nc8 Bxg2+ 40. Qxg2 Qd1+ 41. Qg1 Qf3+ 42. Qg2 1/2-1/2

[Event "Heraklion Gazi op 12th"]
[Site "Malevizi"]
[Date "2016.07.31"]
[Round "4"]
[White "Samakas, Stavros"]
[Black "Petrakis, Stylianos"]
[Result "1-0"]
[WhiteElo "1753"]
[BlackElo "2041"]
[PlyCount "75"]
[EventDate "2016.07.28"]
[EventType "swiss"]
[EventRounds "9"]
[EventCountry "GRE"]
[SourceTitle "CBM 173 Extra"]
[Source "ChessBase"]
[SourceDate "2016.08.29"]
[SourceVersion "1"]
[SourceVersionDate "2016.08.29"]
[SourceQuality "1"]

1. d4 Nf6 2. Nf3 g6 3. Bf4 Bg7 4. h3 d6 5. Nbd2 0-0 6. e4 c5 7. c3 Nc6 8. d5 Nb8 9. Bd3 e6 10. c4 e5 11. Be3 Ne8 12. g4 Nc7 13. a3 b6 14. Nf1 Qe8 15. a4 f5 16. gxf5 gxf5 17. Qe2 f4 18. Bd2 Bf6 19. b4 Bd7 20. a5 Kh8 21. Bc3 Qh5 22. N3d2 Qh6 23. Nb3 Bh4 24. axb6 axb6 25. Rxa8 Nxa8 26. Qa2 Nc7 27. bxc5 bxc5 28. Nxc5 f3 29. Bd2 Qg6 30. Nxd7 Nxd7 31. Ne3 Nc5 32. Bc2 Nxe4 33. Rf1 Ra8 34. Qb1 Nxd2 35. Kxd2 Qh6 36. Qb6 Na6 37. Qb7 Qf8 38. Qxh7# 1-0

[Event "GRE-chT 44th"]
[Site "Achaia"]
[Date "2016.07.05"]
[Round "1.10"]
[White "Stamoulas, Nikos"]
[Black "Petrakis, Stylianos"]
[Result "1-0"]
[WhiteElo "1919"]
[BlackElo "2041"]
[PlyCount "57"]
[EventDate "2016.07.05"]
[EventType "team-swiss"]
[EventRounds "7"]
[EventCountry "GRE"]
[SourceTitle "CBM 173 Extra"]
[Source "ChessBase"]
[SourceDate "2016.08.29"]
[SourceVersion "1"]
[SourceVersionDate "2016.08.29"]
[SourceQuality "1"]
[WhiteTeam "Xanthi CN"]
[BlackTeam "Chania Kaissa"]
[WhiteTeamCountry "GRE"]
[BlackTeamCountry "GRE"]

1. d4 Nf6 2. Nf3 g6 3. c4 Bg7 4. Nc3 d6 5. e4 0-0 6. Be2 e5 7. 0-0 Nc6 8. d5 Ne7 9. Bd2 Nd7 10. Qc1 f5 11. Ng5 Nf6 12. f4 Nxe4 13. Ncxe4 fxe4 14. Nxe4 Nf5 15. fxe5 Bxe5 16. Bg5 Qe8 17. Bd3 Bd4+ 18. Kh1 Qe5 19. Rb1 h5 20. c5 dxc5 21. Re1 Qg7 22. Nxc5 b6 23. Ne6 Bxe6 24. dxe6 Be5 25. e7 Rfe8 26. Bb5 Rxe7 27. Bxe7 Nxe7 28. Qc4+ Kh8 29. Qe4 1-0

[Event "GRE-ch U16"]
[Site "Porto Rio"]
[Date "2016.07.01"]
[Round "6"]
[White "Petrakis, Stylianos"]
[Black "Alexiadis, Hristos"]
[Result "1/2-1/2"]
[WhiteElo "2041"]
[BlackElo "2291"]
[PlyCount "92"]
[EventDate "2016.06.28"]
[EventType "swiss"]
[EventRounds "9"]
[EventCountry "GRE"]
[SourceTitle "CBM 173 Extra"]
[Source "ChessBase"]
[SourceDate "2016.08.29"]
[SourceVersion "1"]
[SourceVersionDate "2016.08.29"]
[SourceQuality "1"]

1. e4 c5 2. Nf3 d6 3. c3 Nf6 4. Be2 g6 5. 0-0 Bg7 6. Bb5+ Nbd7 7. Re1 0-0 8. d4 cxd4 9. cxd4 Nb6 10. Nc3 Be6 11. Ng5 Bg4 12. Be2 Bd7 13. e5 Nfd5 14. Nxd5 Nxd5 15. Qb3 Nc7 16. Bc4 d5 17. Bxd5 Nxd5 18. Qxd5 Bc6 19. Qxd8 Rfxd8 20. Be3 Bd5 21. a3 f6 22. exf6 Bxf6 23. Nf3 Bxf3 24. gxf3 Kf7 25. Rac1 Rd7 26. Red1 Rad8 27. Rc2 Ke8 28. Kf1 Bxd4 29. Bxd4 Rxd4 30. Rxd4 Rxd4 31. Rc7 Rd7 32. Rc8+ Kf7 33. Ke2 b6 34. Ke3 Kf6 35. a4 a5 36. Rb8 Rd6 37. Rb7 h5 38. f4 Re6+ 39. Kf3 Kf5 40. b3 Kf6 41. Rb8 Rc6 42. Ke4 Rd6 43. Rf8+ Kg7 44. Rb8 Kf6 45. Rf8+ Kg7 46. Rb8 Kf6 1/2-1/2